00426cam a2200157ua 45000010005000000080039000050400009000440820013000531000028000662450056000942500009001502600036001593000017001956530027002126530029002393595111118n ii |||gr||||Z||||||asm cMAIN a891.45131 aKalita, Arupa Patangia,11aDeopaharar bhagnastoopatcby Arupa pattangia Kalita a1st. aGuwahati:bSahitya Prakash,999. a179p:c23cm. aAssamese short stories aDeopaharar bhagnastoopat